| 000 | 00000nam##2200000za#4500 |
| 001 | 9.639927 |
| 003 | CaOODSP |
| 005 | 20210624222422 |
| 007 | cr ||||||||||| |
| 008 | 150407|1998||||xxc|||||o f|0| 0 fre|d |
| 040 | |aCaOODSP|bfre |
| 043 | |an-cn--- |
| 086 | 1 |aSE1-2/1998F-PDF |
| 110 | 1 |aCanada.|bÉlections Canada. |bDirecteur général des élections du Canada. |
| 245 | 10|aRapport du directeur général des élections du Canada sur l'élection partielle dans Port Moody-Coquitlam |h[ressource électronique] |
| 260 | |aOttawa - Ontario : |bÉlections Canada. |cc1998. |
| 300 | |a19p.|bfigure, graphiques, tableaux |
| 500 | |aLe nº de catalogue (SE1-2/1998) et l'ISBN (0-662-63598-1) de l'édition imprimée bilingue ont été incorrectement copiés dans cette édition électronique. |
| 520 | 3 |a«Ce rapport au président de la Chambre des communes fait suite à l'élection partielle tenue le 30 mars 1998 dans la circonscription de Port Moody-Coquitlam, en Colombie-Britannique. Il porte sur cette élection, de même que sur les activités menées par Élections Canada depuis le dépôt de mon rapport sur l'élection générale du 2 juin 1997. Il me fournit aussi l'occasion de donner un aperçu des défis que nous réserve l'avenir.»--p. 6 de 19. |
| 590 | |a12-05-Supp|b2012-03-02 |
| 691 | 07|aÉlection partielle|2gcpds |
| 775 | 08|tReport of the Chief Electoral Officer of Canada following the Port Moody-Coquitlam by-election |w(CaOODSP)9.695830 |
| 776 | 0#|tReport of the Chief Electoral Officer of Canada : |w(CaOODSP)9.660213 |
| 776 | 0#|tRapport du directeur général des élections du Canada : |w(CaOODSP)9.660214 |
| 856 | 40|ahttp://publications.gc.ca|qPDF|s464 Ko|uhttps://publications.gc.ca/collections/Collection/SE1-2-1998F.pdf |
| 986 | |aEC 94420 |